000 00679nmc a2200241 a 4500
003 AR-BaBNM
005 20251128203519.0
008 047019s1963 ||||||||||||||000 | spa||
040 _cAR-BaBNM
100 1 _aSolari, Aldo E.
245 1 0 _aSociología rural latinoamericana
260 _aBuenos Aires
_bEudeba
_c1963
300 0 _a93 p.
_btablas
490 0 _aBiblioteca de América. Libros del tiempo nuevo
500 0 _aContiene referencias bibliográficas en notas a pie de página
650 4 _aSOCIOLOGIA RURAL
650 4 _aZONAS RURALES
650 4 _aMIGRACION RURAL
650 4 _aPOBLACION RURAL
651 4 _aAmérica Latina
942 _cBK
998 _csilvi
999 _c3726
_d3726